000 01518nam0a22002771 4500
001 rc\3549149
005 20260406153820.0
021 _aRU
_b[71-9614]
035 _a(NLR Aleph) 007674079
090 _a6466279
_c6466279
100 _a20130115d1971 |||y0rusy50 ca
101 0 _arus
102 _aRU
105 _ay z |||||
200 1 _a[Материалы]
_fСекция школьного фак.
_gПед. о-во РСФСР. Центр. совет. Всерос. науч.-практ. конференция, посвящ. 50-летию основания Акад. коммунист. воспитания им. Н.К. Крупской (3-5 февр. 1971 г.)
210 _aМосква
_cБ. и.
_d1971
215 _a26 с.
_d19
532 1 3 _aМатериалы
601 2 _aАкадемия коммунистического воспитания им. Н. К. Крупской
_xИстория
_jСборники
_2psbo
710 1 2 _aВсероссийская научно-практическая конференция, посвященная 50-летию основания Академии коммунистического воспитания им. Н.К. Крупской (1971; Москва)
712 0 2 _aЛенинградский коммунистический педагогический институт им. Н. К. Крупской
_3RU\NLR\AUTH\889929163
_9353848
801 0 _aRU
_bNLR
_gpsbo
801 1 _aRU
_bELAR
_2rusmarc
852 _aNLR
_j71-4/4591
942 _cBOOK
980 _aNB